| 000 | 00462cam a2200121 4500500 | ||
|---|---|---|---|
| 005 | 20260208032720.0 | ||
| 041 | _afre | ||
| 042 | _adc | ||
| 100 | 1 | 0 |
_aDubuisson, Michel _eauthor |
| 245 | 0 | 0 | _aPierre-Charles-Alexandre Louis (1787-1872) : Un médecin à l'aube de la médecine scientifique |
| 260 |
_bL'Harmattan,
_c2022. |
||
| 856 | 4 | 1 | _uhttps://stm.cairn.info/pierre-charles-alexandre-louis-1787-1872--9782343252360?lang=fr&redirect-ssocas=7080 |
| 999 |
_c1662091 _d1662091 |
||